• 首页
  • 本馆介绍
  • 公告通知
  • 最新文献
  • 馆藏检索
  • 电子资源
  • 读者导购
  • 参考咨询
  • 我的图书馆
  • 登录
  • 详细信息显示
  • 放入我的书架
  • 预约/预借图书
  • 作者相关作品
  • 分类相关作品
  • 丛书相关作品
  • 出版社相关作品

书目信息

  • 表格格式
  • 工作单格式
  • 卡片格式
题名:
现代乒乓球技术的研究
    
 
作者: 丘钟惠 编著
分册:  
出版信息: 北京   人民体育出版社  1982
页数: 512页
开本: 21cm
丛书名:
单 册:
中图分类: G846.1
科图分类:
主题词: 乒乓球运动-运动技术--研究 , 运动技术-乒乓球运动--研究
电子资源:
ISBN:
000 00719nam0 2200241 45
001 0182001802
005 20060820090924.93
010    @dCNY2.00
091    @a7015.1977
100    @a19950404d1982 kemy0chiy0121 ea
101 0  @achi
102    @aCN@b110000
105    @ay z 000yy
200 10 @a现代乒乓球技术的研究@Axian dai ping pang qiu ji shu de yan jiu@f丘钟惠等编著@Fqiu zhong hui deng bian zhu
210    @a北京@c人民体育出版社@d1982
215    @a512页@d21cm
606    @a乒乓球运动-运动技术@x研究
606    @a运动技术-乒乓球运动@x研究
690    @aG846.1@v3
701  0 @a丘钟惠@Aqiu zhong hui@4编著
801  2 @aCN@bNLC@c20060820
801  0 @aCN@b上海图书馆@c20060721
905    @dG846.1@e40@b169469@f1
    
    现代乒乓球技术的研究/丘钟惠等编著.-北京:人民体育出版社,1982
    512页;21cm
    
    
    ISBN :CNY2.00
    
●
相关链接 在E读中查询图书 在五车中查询图书 在当当中查询图书 在豆瓣中查询图书


正题名:现代乒乓球技术的研究     索取号:G846.1/40         预约/预借

序号 登录号 条形码 馆藏地/架位号 状态 备注
1 0169469   001960266   密集书库/ [索取号:G846.1/40] 在馆    
2 0169470   000300604   第一样本阅览室/ [索取号:G846.1/40] 在馆    
3 0171041   001940181   密集书库/ [索取号:G846.1/40] 在馆    
4 0171042   001860445   密集书库/ [索取号:G846.1/40] 在馆    
5 0174135   202140726   密集书库/ [索取号:G846.1/40] 在馆    
6 0174136   000300597   密集书库/ [索取号:G846.1/40] 在馆    
7 0179227   001860481   密集书库/ [索取号:G846.1/40] 在馆    
8 0179228   000300579   密集书库/ [索取号:G846.1/40] 在馆    
9 0179229   202140735   密集书库/ [索取号:G846.1/40] 在馆    
10 0179230   000300588   密集书库/ [索取号:G846.1/40] 在馆    
11 0424894   204248947   密集书库/ [索取号:G846.1/40] 在馆    
12 0471316   204713168   密集书库/ [索取号:G846.1/40] 在馆    
唐山师范学院图书馆 欢迎您!
大连网信软件有限公司© 版权所有